000 03421nam0a2200493 4500
001 RU\NLR\BIBL_A\012898023
005 20230215113916.0
021 _aRU
_bКН-П-22-056093
_9КН-П-22-4868
029 1 0 _aRU
_b59115.12-2021
_cГОСТ Р
035 _a(NLR Aleph) 012898023
035 _a(RuMoRGB)011185227
090 _a12571842
_c12571842
100 _a20220928d2022 k y0rusy50 ca
101 0 _arus
102 _aRU
105 _aa l 000|y
181 1 _ai
_b e
182 1 _an
200 1 _aОбоснование прочности оборудования и трубопроводов атомных энергетических установок
_iУточненный поверочный расчет на постпроектных стадиях
_dRules for strength assessment of equipment and pipelines of nuclear power installations. Confimatory analysis on stage of operation
_zeng
_eГОСТ Р 59115.12-2021
_fразработан: Федеральным государственным унитарным предприятием Центральный научно-исследовательский институт конструкционных материалов Прометей имени И. В. Горынина Национального исследовательского центра Курчатовский институт
_eвведен впервые
203 _aТекст
_bвизуальный
_cнепосредственный
205 _aИзд. офиц.
210 _aМосква
_cРоссийский институт стандартизации
_d2022
215 _aIV, 27 с.
_cил.
_d29
225 1 _aНациональный стандарт Российской Федерации
_fФедеральное агентство по техническому регулированию и метрологии
239 _aВвед. 01.01.2022
320 _aБиблиогр.: с. 27 (2 назв.)
510 1 _aRules for strength assessment of equipment and pipelines of nuclear power installations
_zeng
510 1 _aConfimatory analysis on stage of operation
_zeng
517 1 _aГОСТ Р 59115.12-2021
606 1 _aЯдерные силовые установки
_jСтандарты
_xОборудование
_xРасчет на прочность
_92536913
_3RU\NLR\AUTH\6601715822
606 1 _aЯдерные силовые установки
_jСтандарты
_xТрубопроводы
_xРасчет на прочность
_92536903
_3RU\NLR\AUTH\6601715817
606 1 _aЯдерные силовые установки
_jСтандарты
_xДефектоскопия
_92561713
_3RU\NLR\AUTH\661515340
675 _a621.039.5(083.74)
_v4
686 _a31.46я86
_v2000
_2rubbks
686 1 _aЗ47-5-028.4я861
686 1 _aЗ470.5-028.4я861
686 1 _aЗ47-5-07с3я861
712 0 1 _4725
_aРоссийская Федерация
_bФедеральное агентство по техническому регулированию и метрологии
_9630205
_3RU\NLR\AUTH\8810064304
712 0 2 _4900
_a"Прометей", ЦНИИ конструкционных материалов им. И. В. Горынина
_cСанкт-Петербург
_9561799
_3RU\NLR\AUTH\880449133
942 _cBOOK
980 _aNB